000 00879cab a2200289 4500
001 ABS47792
008 090401t1992 xxu||||| |||| 00| 0 eng d
035 _a(Sirsi) u63421
041 _aeng
100 _aMoorhead, M.
245 _aMore than meets the eye
260 _c1992
350 _a0
490 _aChartered Quantity Surveyor
_vDecember 1992, 10-14 (5)
520 _aOutlines the various systems of suspended ceilings, standards from the PSA and BSI, performance requirements, estimating and costs and maintenance.
650 _aBS 8290
650 _aBUILDING PRODUCTS
650 _aCEILINGS
650 _aCOSTS
650 _aELEMENTAL ANALYSIS
650 _aMENTOR
650 _aSUSPENDED CEILING PERFORMANCE SPECIFICATION
650 _aSUSPENDED CEILINGS
690 _aBUILT ENVIRONMENT-CONSTRUCTION DESIGN
942 _n0
948 _c04/03/1997
999 _c39418
_d39418